LEADER 01842nam 2200589 a 450 001 9910451921303321 005 20200520144314.0 010 $a0-292-79748-6 035 $a(CKB)1000000000453898 035 $a(SSID)ssj0000184240 035 $a(PQKBManifestationID)11183709 035 $a(PQKBTitleCode)TC0000184240 035 $a(PQKBWorkID)10200529 035 $a(PQKB)10524191 035 $a(MiAaPQ)EBC3443281 035 $a(OCoLC)60567327 035 $a(MdBmJHUP)muse2046 035 $a(Au-PeEL)EBL3443281 035 $a(CaPaEBR)ebr10245766 035 $a(OCoLC)614535283 035 $a(EXLCZ)991000000000453898 100 $a20030923d2004 uy 0 101 0 $aeng 135 $aurcn||||||||| 181 $ctxt 182 $cc 183 $acr 200 00$aIsocrates and civic education$b[electronic resource] /$fedited by Takis Poulakos and David Depew 205 $a1st ed. 210 $aAustin $cUniversity of Texas Press$d2004 215 $aix, 277 p 300 $aBibliographic Level Mode of Issuance: Monograph 311 $a0-292-70219-1 320 $aIncludes bibliographical references (p. 255-265) and index. 606 $aSpeeches, addresses, etc., Greek$xHistory and criticism 606 $aEducation, Greek$zGreece$zAthens 606 $aEducation, Ancient 607 $aAthens (Greece)$xIntellectual life 608 $aElectronic books. 615 0$aSpeeches, addresses, etc., Greek$xHistory and criticism. 615 0$aEducation, Greek 615 0$aEducation, Ancient. 676 $a885/.01 701 $aPoulakos$b Takis$0881590 701 $aDepew$b David J.$f1942-$0881591 801 0$bMiAaPQ 801 1$bMiAaPQ 801 2$bMiAaPQ 906 $aBOOK 912 $a9910451921303321 996 $aIsocrates and civic education$91968781 997 $aUNINA LEADER 02166nam 2200505 450 001 9910797050503321 005 20160607131606.0 010 $a0-7591-2416-7 035 $a(CKB)3710000000386474 035 $a(MiAaPQ)EBC2002057 035 $a(EXLCZ)993710000000386474 100 $a20150417h20152015 uy 0 101 0 $aeng 135 $aurcnu|||||||| 181 $2rdacontent 182 $2rdamedia 183 $2rdacarrier 200 10$aEnvironmental sustainability at historic sites and museums /$fSarah Sutton 210 1$aLanham, Maryland :$cRowman & Littlefield,$d2015. 210 4$dİ2015 215 $a1 online resource (229 pages) 225 0 $aAmerican Association for State and Local History 300 $aIncludes index. 311 $a0-7591-2443-4 311 $a0-7591-2415-9 327 $aIntroduction : environmental sustainability at historic sites and museums -- Value : how environmental sustainability strengthens historic sites and -- Starting to go green: making choices; facilitating change -- Energy choices -- Environmental sustainability in collections care -- Rediscovering connections : buildings, land & water, plants & -- Sharing these connections: historic interpretation and community -- Materials : what comes; what goes; what gets transformed -- Sustainability policies and planning -- Creating our future -- Conclusion : sustainable stewardship : what business-as-usual should look like. 606 $aHistoric sites$xEnvironmental aspects 606 $aHistoric sites$xManagement 606 $aMuseums$xEnvironmental aspects 606 $aMuseums$xManagement 606 $aSustainability 615 0$aHistoric sites$xEnvironmental aspects. 615 0$aHistoric sites$xManagement. 615 0$aMuseums$xEnvironmental aspects. 615 0$aMuseums$xManagement. 615 0$aSustainability. 676 $a363.6/9 700 $aSutton$b Sarah$f1961 August 16-$01541064 801 0$bMiAaPQ 801 1$bMiAaPQ 801 2$bMiAaPQ 906 $aBOOK 912 $a9910797050503321 996 $aEnvironmental sustainability at historic sites and museums$93793021 997 $aUNINA